| 000 | 05943cam a22009374i 4500 | ||
|---|---|---|---|
| 001 | u47671 | ||
| 003 | PE-LiUPU | ||
| 005 | 20250731170446.0 | ||
| 008 | 091001s2008 mx a rb 000 0 spa d | ||
| 020 | _a9682409934 | ||
| 020 | _a9789682409936 | ||
| 035 | _a(Sirsi) i9789682409936 | ||
| 040 |
_aPE-LiUPU _bspa _cPE-LiUPU _dPE-LiUPU _erda |
||
| 049 | _aPRUA | ||
| 082 | 0 | 4 |
_a152 _bA67 |
| 082 | 0 | 4 |
_a152 _bA68 2008 |
| 100 | 1 |
_aArdila, Rubén, _eautor. |
|
| 245 | 1 | 0 |
_aPsicología fisiológica / _cRubén Ardila. |
| 250 | _aSegunda Edición | ||
| 264 | 1 |
_aMéxico : _bTrillas, _c2008. |
|
| 300 |
_a324 páginas : _bilustraciones ; _c23 centímetros |
||
| 336 |
_atext _2rdacontent |
||
| 337 |
_aunmediated _2rdamedia |
||
| 338 |
_avolume _2rdacarrier |
||
| 490 | 0 | _aBiblioteca Técnica de Psicología | |
| 504 | _aBibliografía : páginas 275-303. | ||
| 505 | 0 | _aPsicología y fisiología -- Métodos de la psicofisiológica -- Anatomía y fisiología del sistema nervioso -- Evolución del sistema nervioso y comportamiento -- Actividad eléctrica del sistema nervioso -- Homeostasis y medio interno -- Psicoendocrinología -- Corteza cerebral y procesos psicológicos -- El dormir y el sistema reticular -- Mecanismos y teorías de la emoción -- Autoestimulación cerebral -- El hambre -- La sed -- El comportamiento sexual -- Teorías psicofisiológicas de la motivación -- Correlatos psicofisiológicos del aprendizaje -- Teorías psicofisiológicas del aprendizaje -- La privación sensorial -- El dolor. -La atención -- Los correlatos psicofisiológicos del pensamiento. | |
| 526 | _aSEG68 | ||
| 526 | _aSEG70 | ||
| 526 | _aSEG69 | ||
| 526 | _aSEG67 | ||
| 526 | _aSEG43 | ||
| 526 | _aP144 | ||
| 526 | _aP143 | ||
| 526 | _aP131 | ||
| 526 | _aP122 | ||
| 526 | _aP120 | ||
| 526 | _aP117 | ||
| 526 | _aP112 | ||
| 526 | _aP110 | ||
| 526 | _aP106 | ||
| 526 | _aP101 | ||
| 526 | _aP80 | ||
| 526 | _aP59 | ||
| 526 | _aP54 | ||
| 526 | _aP35 | ||
| 526 | _aP33 | ||
| 526 | _aP30 | ||
| 541 | _g0010039192; | ||
| 541 | _g002-00000301; | ||
| 650 | 0 | 4 | _aPsicología fisiológica. |
| 910 |
_acce _bjvq _ccce _d20150616 |
||
| 910 |
_agl _bjv _clch _d20091001 |
||
| 910 |
_tqv _d20171220 |
||
| 910 |
_armch _btqv _cwelc _d20180918 |
||
| 942 |
_2ddc _cBOOK |
||
| 949 |
_a152 A67 _wDEWEY _c1 _i60385 _d2018-3-26 _e2018-3-21 _f2018-2-11 _g2 _lCCODEBUL1 _mBUL _n19 _p26.00 _q2 _r0 _sY _tBOOK _u2009-10-1 _xSALUD _0COMPRA _o.STAFF. Colección General |
||
| 949 |
_a152 A68 2008 _wDEWEY _c1 _iFJ01543 _lCCODEBUJ1 _mBUJ _p26.00 _r0 _sY _tBOOK _u2009-10-1 _xSALUD _PP33 _0COMPRA _o.STAFF. Colección General Juliaca |
||
| 949 |
_a152 A68 2008 _wDEWEY _c1 _iFT02098 _lCCODEBUT1 _mBUT _p{Dolar}38.00 _r0 _sY _tBOOK _u2015-9-25 _xFSALUD _PP33 _0COMPRA _o.STAFF. Colección General Tarapoto |
||
| 949 |
_a152 A68 2008 _wDEWEY _c2 _iFJ09703 _lCCODEBUJ1 _mBUJ _p26.00 _r0 _sY _tBOOK _u2009-10-1 _xBIBLIOTECA _zUNKNOWN _0COMPRA _o.STAFF. Colección General Juliaca |
||
| 949 |
_a152 A68 2008 _wDEWEY _c3 _iFJ09705 _lCCODEBUJ1 _mBUJ _p26.00 _r0 _sY _tBOOK _u2009-10-1 _xBIBLIOTECA _zUNKNOWN _0COMPRA _o.STAFF. Colección General Juliaca |
||
| 949 |
_a152 A68 2008 _wDEWEY _c4 _iFJ09706 _lCCODEBUJ1 _mBUJ _p26.00 _r0 _sY _tBOOK _u2009-10-1 _xBIBLIOTECA _zUNKNOWN _0COMPRA _o.STAFF. Colección General Juliaca |
||
| 949 |
_a152 A68 2008 _wDEWEY _c5 _iFJ09704 _lCCODEBUJ1 _mBUJ _p26.00 _r0 _sY _tBOOK _u2009-10-1 _xBIBLIOTECA _zUNKNOWN _0COMPRA _o.STAFF. Colección General Juliaca |
||
| 949 |
_a152 A68 2008 _wDEWEY _c6 _iFJ00005 _lCCODEBUJ1 _mBUJ _p24.10 _q4 _r0 _sY _tBOOK _u2015-6-16 _xBIBLIOTECA _zUNKNOWN _0COMPRA _o.STAFF. Colección General Juliaca |
||
| 949 |
_a152 A68 2008 _wDEWEY _c7 _iFJ11603 _lCCODEBUJ1 _mBUJ _p31.82 _r0 _sY _tBOOK _u2018-09-18 _xSALUD _PP33 _0COMPRA _o.STAFF. Colección General Juliaca |
||
| 994 |
_aC0 _bPEPRU |
||
| 596 | _a1 2 3 | ||
| 999 |
_a152 A67 _wDEWEY _c49839 _i60385 _d49839 _e2019-10-16 _f2021-11-3 _g5 _lCCODEBUL1 _mBUL _n22 _p26.00 _q7 _r0 _sY _tBOOK _u2009-10-1 _xSALUD _PP33 _0COMPRA _o.STAFF. Colección Ciencias de la Salud |
||
| 999 |
_a152 A68 2008 _wDEWEY _c1 _iFJ01543 _d2019-11-12 _e2019-9-2 _f2022-1-17 _g4 _lCCODEBUJ1 _mBUJ _n14 _p26.00 _q17 _r0 _sY _tBOOK _u2009-10-1 _xSALUD _PP33 _0COMPRA _o.STAFF. Colección General Juliaca |
||
| 999 |
_a152 A68 2008 _wDEWEY _c2 _iFJ09703 _d2019-9-16 _e2019-8-28 _f2022-1-17 _g4 _lCCODEBUJ1 _mBUJ _n1 _p26.00 _q2 _r0 _sY _tBOOK _u2009-10-1 _xSALUD _zUNKNOWN _0COMPRA _o.STAFF. Colección General Juliaca |
||
| 999 |
_a152 A68 2008 _wDEWEY _c3 _iFJ09705 _f2022-1-17 _g4 _lCCODEBUJ1 _mBUJ _p26.00 _r0 _sY _tBOOK _u2009-10-1 _xSALUD _zUNKNOWN _0COMPRA _o.STAFF. Colección General Juliaca |
||
| 999 |
_a152 A68 2008 _wDEWEY _c4 _iFJ09706 _d2019-6-14 _f2022-1-17 _g4 _lCCODEBUJ1 _mBUJ _p26.00 _q1 _r0 _sY _tBOOK _u2009-10-1 _xSALUD _zUNKNOWN _0COMPRA _o.STAFF. Colección General Juliaca |
||
| 999 |
_a152 A68 2008 _wDEWEY _c5 _iFJ09704 _f2022-1-17 _g4 _lCCODEBUJ1 _mBUJ _p26.00 _r0 _sY _tBOOK _u2009-10-1 _xSALUD _0COMPRA _o.STAFF. Colección General Juliaca |
||
| 999 |
_a152 A68 2008 _wDEWEY _c6 _iFJ00005 _d2019-10-17 _e2019-10-14 _f2022-1-17 _g4 _lCCODEBUJ1 _mBUJ _n8 _p24.10 _q14 _r0 _sY _tBOOK _u2015-6-16 _xSALUD _0COMPRA _o.STAFF. Colección General Juliaca |
||
| 999 |
_a152 A68 2008 _wDEWEY _c7 _iFJ11603 _d2019-8-26 _e2019-8-21 _f2022-1-17 _g3 _lCCODEBUJ1 _mBUJ _n2 _p31.82 _q3 _r0 _sY _tBOOK _u2018-9-18 _xSALUD _PP33 _0COMPRA _1FCOMPRA _o.STAFF. Colección General Juliaca |
||
| 999 |
_a152 A68 2008 _wDEWEY _c1 _iFT02098 _e2017-6-1 _f2019-2-20 _g1 _lCCODEBUT1 _mBUT _n2 _p38.00 _r0 _sY _tBOOK _u2015-9-25 _xSALUD _PP33 _0COMPRA _o.STAFF. Colección General Tarapoto |
||
| 980 |
_81 _gALBERTO SANCHEZ Responsable de Automatización |
||